[Event "POL-chT 1st League 2020"]
[Site "Ustron"]
[Date "2020.09.12"]
[Round "8.9"]
[White "Kozak, Antoni"]
[Black "Koziol, Kamil"]
[Result "1-0"]
[WhiteElo "2347"]
[BlackElo "2296"]
[Annotator "TA"]
[PlyCount "85"]
[EventDate "2020.09.05"]
[EventType "team-tourn"]
[EventCountry "POL"]
[SourceTitle "playchess.com"]
[Source "ChessBase"]
[SourceQuality "1"]
[WhiteTeam "LKSz GCKiP Czarna"]
[BlackTeam "MKSz Rybnik"]

{[%evp 9,84,0,-7,-6,14,4,3,-1,6,3,20,-5,-2,0,12,-14,-8,-8,0,0,12,0,37,0,48,28,40,10,91,89,117,47,46,54,49,65,58,0,70,70,68,50,53,66,141,140,118,143,143,108,97,111,419,206,390,385,363,262,271,262,231,112,97,97,96,97,725,725,716,450,1628,1641,1240,1146,29998,29999,29999]} 1. e4 c5 2. Be2 Nc6 3. f4 g6 4. Nf3 Bg7 5. c3 d5 6. d3 {B21: Sicilian: 2 f4 and Morra Gambit.} e6 7. Be3 d4 8. Bf2 {The position is equal.} Nge7 9. O-O b6 {[#]} 10. Qa4 $146 ({Predecessor:} 10. c4 f6 11. Ne1 O-O 12. Nd2 e5 13. Bg3 exf4 14. Bxf4 g5 15. Bg3 f5 16. Nc2 {0-1 (27) Srebrnic,V (2119)-Timagin,P (2329) Portoroz 2018}) 10... dxc3 11. bxc3 O-O 12. d4 cxd4 13. cxd4 Bb7 14. Nc3 Qd7 15. Rfd1 Rfd8 16. Rac1 Na5 {Black wants to play ...Qxa4.} 17. Qb4 Rac8 18. Qb1 Bc6 (18... Qd6 $11 {remains equal.}) 19. Ne5 $16 Qb7 20. Bf3 (20. Bh4 $1 $16) 20... Be8 $1 $14 21. d5 $36 {[%cal Bd4d5,Bd5e6][%mdl 2080] White is more active.} Nc4 22. Nxc4 Rxc4 23. Qb3 (23. dxe6 $1 $14 Rxd1+ 24. Nxd1 Rxc1 25. exf7+ (25. Qxc1 fxe6 26. Qc4 Qc6 $11) 25... Bxf7 26. Qxc1) 23... Rdc8 ({Black should try} 23... Qc8 $1 $11 24. e5 Ba4 25. Qxa4 Rxa4 26. Nxa4 Qa6) 24. e5 Rxf4 25. dxe6 Rxf3 26. gxf3 {aiming for exf7+.} Bxe5 (26... Bh6 $1 $14) 27. Ne4 $16 Rxc1 28. Rxc1 f5 29. Bg3 Bd4+ {[#]} 30. Nf2 $1 Bc6 $2 {[%mdl 8192]} (30... Bf6 $16 31. Bf4 Qa8) 31. Bh4 (31. Qd1 $142 Bb2 32. Qd8+ Kg7 33. Rc2) 31... Bxf3 $2 (31... Nd5 32. e7 Kf7) 32. Bxe7 $18 {Hoping for Bf6!} Bh1 {[%csl Gh1][%cal Rb7g2]} 33. Qh3 Qxe7 34. Kxh1 {Black must now prevent Qf3.} Bxf2 {[%mdl 4096] Endgame KQR-KQB} 35. Rc8+ Kg7 {And now ...Qb7+ would win.} 36. Qc3+ {[%mdl 1024] White has strong compensation.} Kh6 37. Qd2+ g5 $2 {[%mdl 8192] [#]} (37... Kg7 $16 38. Qc3+ Kh6) 38. Rc6 $1 Bc5 39. h4 f4 (39... Kg7 $142 40. Qxg5+ Qxg5 41. hxg5 a6) 40. Qd7 Kg6 41. Rc7 $1 {[%csl LRa7,LRe7]} Qd6 42. Qf7+ Kh6 43. Qxh7# {Accuracy: White = 67%, Black = 56%.} 1-0

[Event "POL-chT 1st League 2020"]
[Site "Ustron"]
[Date "2020.09.12"]
[Round "8.10"]
[White "Nowak, Mikolaj"]
[Black "Chyzy, Jakub"]
[Result "1-0"]
[WhiteElo "2279"]
[BlackElo "2249"]
[Annotator "TA"]
[PlyCount "114"]
[EventDate "2020.09.05"]
[EventType "team-tourn"]
[EventCountry "POL"]
[SourceTitle "playchess.com"]
[Source "ChessBase"]
[SourceQuality "1"]
[WhiteTeam "MKSz Rybnik"]
[BlackTeam "LKSz GCKiP Czarna"]

{[%evp 9,114,6,10,-5,0,-12,-14,0,13,17,40,40,56,62,56,54,101,96,133,133,244,141,221,228,325,327,354,350,323,287,298,291,404,396,373,360,366,300,303,293,278,285,317,241,244,241,233,233,228,229,253,223,255,232,343,343,341,340,333,268,343,343,343,343,343,343,343,343,313,283,483,476,461,231,239,0,454,431,578,574,929,698,843,733,643,684,528,674,645,600,666,333,1531,1650,1905,2359,2584,1103,29979,29980,29985,29986,29986,29987,29986,29987,29994]} 1. Nf3 d5 2. e3 c5 3. Bb5+ Bd7 4. Qe2 a6 5. Bxd7+ Nxd7 6. d3 {[#] A06: Réti Opening: 1 Nf3 d5.} e5 $146 ({Predecessor:} 6... e6 7. e4 d4 8. a4 Bd6 9. O-O Ne7 {½-½ (9) Arencibia Rodriguez,W (2549)-Hernandez Carmenates,H (2543) Santa Clara 2007}) 7. e4 d4 $1 8. a4 {The position is equal.} b5 9. O-O Bd6 10. Na3 Rb8 11. axb5 axb5 12. c4 dxc3 13. bxc3 Ne7 14. d4 c4 (14... Qb6 $16 {was worth a try.}) 15. Rd1 ({White should play} 15. Rb1 $1 $18) 15... Qc7 (15... Qb6 $16 16. Be3 Qc7) 16. Rb1 $18 Qa5 {[#]} (16... O-O $142 17. Nxb5 (17. Rxb5 Bxa3 18. Rxb8 Rxb8 $18) 17... Qc6) 17. Rxb5 $1 {[%mdl 512]} Qa6 (17... Rxb5 18. Nxc4) 18. Rxb8+ ({Not} 18. Nxe5 Bxe5 19. Qxc4 (19. Rxe5 Nxe5 20. dxe5 O-O $11) 19... Rc8 $11) ({Don't take} 18. Nxc4 Rxb5 19. Nxd6+ Qxd6 $18) 18... Bxb8 19. Qxc4 Qxc4 20. Nxc4 Ng6 21. Ba3 f6 22. g3 Kf7 23. dxe5 Ndxe5 24. Ncxe5+ Nxe5 25. Nxe5+ Bxe5 {[%mdl 4096] Endgame KRB-KRB} 26. Rd7+ Kg6 27. Bb4 Rc8 28. Rd3 Rc4 29. f3 h5 30. Kf2 Bc7 31. Rd7 Bb6+ (31... Be5 $142 32. Bf8 Rc7 33. Rxc7 Bxc7) 32. Ke2 Bg1 33. h3 Bh2 34. g4 h4 35. Kd3 Rc8 36. c4 {[%cal Bc3c4,Bc4c5,Bc5c6][%mdl 32]} Rb8 37. Bd2 Rb3+ 38. Ke2 Rb2 39. c5 Bf4 $2 (39... Rc2 40. Rd5 Bg1) 40. c6 Be5 {[#]} 41. Kd1 (41. f4 $142 $1 Bxf4 42. Kd1) 41... Rb1+ {[#]} 42. Ke2 $2 (42. Kc2 $1 {[%cal Rc2b1]} Rb6 43. f4 Rxc6+ 44. Kd3) 42... Rb2 43. Ke3 Rc2 44. f4 Bb8 45. f5+ Kh7 46. g5 fxg5 47. Kf3 Rxc6 48. Bxg5 Be5 49. Kg4 Kg8 50. Re7 Bc7 $2 (50... Rc5 51. Kxh4 Bf6) 51. Kxh4 Kf8 52. Kh5 Bg3 53. h4 (53. e5 $142 Bf4 54. e6 Bxg5 55. Rf7+ Kg8 56. Kxg5) 53... Bf2 54. e5 {White mates.} Rc5 55. Kg6 Bd4 56. e6 Rc8 57. Rd7 Ke8 {Accuracy: White = 76%, Black = 49%.} 1-0

[Event "POL-chT 1st League 2020"]
[Site "Ustron"]
[Date "2020.09.12"]
[Round "8.11"]
[White "Czernek, Tymon"]
[Black "Tomaszewski, Kacper"]
[Result "1-0"]
[WhiteElo "2267"]
[BlackElo "2341"]
[Annotator "TA"]
[PlyCount "69"]
[EventDate "2020.09.05"]
[EventType "team-tourn"]
[EventCountry "POL"]
[SourceTitle "playchess.com"]
[Source "ChessBase"]
[SourceQuality "1"]
[WhiteTeam "LKSz GCKiP Czarna"]
[BlackTeam "MKSz Rybnik"]

{[%evp 9,69,48,104,55,66,56,85,57,93,85,121,28,70,71,127,119,127,104,106,93,92,63,81,50,72,11,14,13,9,-30,-29,-41,-33,-76,-79,-55,6,-60,-48,-77,-30,-142,-137,-117,-40,-81,-5,-24,0,-12,21,19,143,135,107,43,267,267,29996,29997,29997,29998]} 1. e4 b6 2. d4 Bb7 3. Bd3 e6 4. Nf3 Ne7 5. O-O d6 (5... g6 $14) 6. c4 {B00: Queen's Fianchetto Defence, Nimzowitsch Defence.} Nd7 7. Nc3 h6 8. Re1 {White is better.} a6 {[#]} 9. h3 $146 ({Predecessor:} 9. b3 g6 10. Bb2 Bg7 11. Ne2 g5 12. Ng3 Ng6 13. Nh5 Rg8 14. Nxg7+ Rxg7 15. Qc2 {1-0 (37) Revel,A (1859)-Lucas,Y Europe Chess INT 2020}) 9... c5 {[#]} 10. Ne2 (10. d5 $1 $16) 10... Qc7 11. d5 e5 (11... Ng6 $142) 12. Ng3 g6 13. h4 Bg7 14. Nh2 Bc8 15. Rb1 b5 16. b3 ({Of course not} 16. cxb5 c4 $11) 16... Rb8 17. f4 (17. h5 $16) 17... exf4 $11 18. Bxf4 Ne5 19. Nf3 Bg4 20. Be2 Bxf3 $1 21. gxf3 Qd7 22. Kg2 f5 ({Black should play} 22... g5 $15 23. Bxe5 Bxe5 24. hxg5 Ng6) 23. Rh1 (23. Bd2 $11) 23... O-O $15 24. Qd2 Kh7 25. Bxe5 (25. h5 $1 $11 g5 26. Bxe5 Bxe5 27. Nxf5) 25... Bxe5 $17 26. f4 Bg7 (26... Bd4 $17 {And now ...fxe4 would win.} 27. h5 fxe4 28. hxg6+ Kg8 29. Rxh6 Nf5) 27. h5 {[#]} fxe4 (27... g5 $1 $17 {[%cal Rg5f4] Strongly threatening ...gxf4.} 28. fxg5 f4 29. g6+ Kh8) 28. hxg6+ Nxg6 29. f5 Ne5 30. Rbf1 $36 {[%mdl 2048] Threatens to win with f6. Black is under pressure.} Nf3 (30... Kg8 $11 {keeps the balance.}) 31. Qf4 {f6 is the strong threat.} Rbe8 32. Nxe4 (32. Bxf3 $16 exf3+ 33. Rxf3) 32... Rxf5 $2 ({Better is} 32... Nd2 $1 $14 33. Ng5+ (33. Qxd2 Rxe4 34. Qc2 Qe8 $14) 33... Kg8 34. Qxd2 hxg5) 33. Qg4 $18 Bd4 $2 {[#]} (33... Rg8 $18) 34. Rxh6+ $1 {[%mdl 576] Clearance} Kxh6 35. Rh1+ {Accuracy: White = 47%, Black = 40%.} 1-0

[Event "POL-chT 1st League 2020"]
[Site "Ustron"]
[Date "2020.09.12"]
[Round "8.12"]
[White "Kucharska, Honorata"]
[Black "Wikar, Martyna"]
[Result "1/2-1/2"]
[WhiteElo "2237"]
[BlackElo "2045"]
[Annotator "ChessBase"]
[PlyCount "53"]
[EventDate "2020.09.05"]
[EventType "team-tourn"]
[EventCountry "POL"]
[SourceTitle "playchess.com"]
[Source "ChessBase"]
[SourceQuality "1"]
[WhiteTeam "MKSz Rybnik"]
[BlackTeam "LKSz GCKiP Czarna"]
[TimeControl "40/5400+30:1800+30"]

1. d4 {[%emt 0:00:00]} Nf6 {[%emt 0:00:00]} 2. Nf3 {[%emt 0:00:15]} e6 {[%emt 0:00:19]} 3. g3 {[%emt 0:01:03]} c5 {[%emt 0:00:33]} 4. Bg2 {[%emt 0:03:33]} Nc6 {[%emt 0:00:41]} 5. O-O {[%emt 0:01:47]} d5 {[%emt 0:03:44]} 6. c4 {[%emt 0:03:56]} dxc4 {[%emt 0:08:53]} 7. dxc5 {[%emt 0:00:08]} Qxd1 {[%emt 0:02:03]} 8. Rxd1 {[%emt 0:00:03]} Bxc5 {[%emt 0:00:18]} 9. Nbd2 {[%emt 0:03:02]} Ng4 {[%emt 0:29:50]} 10. Ne4 {[%emt 0:06:02]} Be7 {[%emt 0:00:36]} 11. h3 {[%emt 0:04:30]} Nf6 {[%emt 0:01:31]} 12. Ned2 {[%emt 0:03:36]} c3 {[%emt 0:05:53]} 13. bxc3 {[%emt 0:01:19]} O-O {[%emt 0:01:14]} 14. c4 {[%emt 0:07:30]} Rd8 {[%emt 0:03:50]} 15. Bb2 {[%emt 0:00:48]} a5 {[%emt 0:02:54]} 16. Ne5 {[%emt 0:08:23]} Bd7 {[%emt 0:05:20]} 17. Nb3 {[%emt 0:05:23]} a4 {[%emt 0:04:03]} 18. Nxd7 {[%emt 0:07:41]} Nxd7 {[%emt 0:01:59]} 19. Nd4 {[%emt 0:01:49]} Na5 {[%emt 0:04:19]} 20. Bc3 {[%emt 0:01:15]} Nc5 {[%emt 0:01:44]} 21. Bxa5 {[%emt 0:03:42]} Rxa5 {[%emt 0:00:09]} 22. Nb5 {[%emt 0:01:50]} Raa8 {[%emt 0:02:17]} 23. Rab1 {[%emt 0:02:53]} g6 {[%emt 0:02:37]} 24. Bf3 {[%emt 0:03:08]} Kg7 {[%emt 0:01:08]} 25. Kg2 {[%emt 0:00:41]} Rxd1 {[%emt 0:03:00]} 26. Rxd1 {[%emt 0:00:16]} Rc8 {[%emt 0:03:59]} 27. h4 {[%emt 0:04:19]} 1/2-1/2

[Event "POL-chT 1st League 2020"]
[Site "Ustron"]
[Date "2020.09.12"]
[Round "8.13"]
[White "Kowalski, Igor"]
[Black "Paszewski, Mateusz"]
[Result "1/2-1/2"]
[WhiteElo "2397"]
[BlackElo "2275"]
[Annotator "TA"]
[PlyCount "81"]
[EventDate "2020.09.05"]
[EventType "team-tourn"]
[EventCountry "POL"]
[SourceTitle "playchess.com"]
[Source "ChessBase"]
[SourceQuality "1"]
[WhiteTeam "KS LAURA Chylice"]
[BlackTeam "SEMPAI UKS HETMAN Cz."]

{[%evp 15,81,-30,-32,-37,-31,-21,-21,-21,-20,-44,10,-7,0,-10,-8,-27,-25,-39,-29,-50,-54,-59,-59,-64,-59,-96,-85,-79,-83,-83,-93,-97,-86,-166,0,0,0,0,0,0,0,-46,-43,-49,-53,-79,-73,-72,-35,-59,-17,-56,-23,-23,-33,-26,422,14,39,0,1272,0,1048,0,0,0,0,0]} 1. d4 d5 2. c4 c6 3. Nf3 Nf6 4. Nc3 e6 5. e3 Nbd7 6. Qc2 Bd6 7. Bd2 O-O 8. O-O-O b5 9. e4 {has lost popularity (9.cxb5). D45: Semi-Slav: 5 e3.} b4 10. e5 {[%mdl 64] Hoping for Na4. Double Attack} bxc3 11. Bxc3 Bc7 {Threatens to win with ...Ne4.} 12. exf6 {[#]} Qxf6 $146 (12... Nxf6 $15 13. Kb1 Qe7) ({Predecessor:} 12... Nxf6 13. Ne5 Ne4 14. Nxc6 Qg5+ 15. Kb1 Bb7 16. cxd5 Nxc3+ 17. Qxc3 exd5 18. Nb4 Rfc8 {½-½ (18) Muse,M (2490)-Dokhoian,Y (2510) Germany 1993}) 13. Bd3 h6 14. Kb1 a5 15. h4 Ba6 $1 16. Rh3 Nb6 $36 {[%mdl 2048] Black has the initiative.} 17. Ng5 {aiming for Nh7.} g6 $1 ({Wrong is} 17... hxg5 $2 18. hxg5 Qh6 19. gxh6 $18) 18. c5 Bxd3 19. Qxd3 Nc4 20. Nf3 a4 21. h5 {Black should prevent hxg6.} g5 22. Nd2 Qxf2 23. Nxc4 dxc4 24. Qe4 (24. Qc2 $17 Qxc2+ 25. Kxc2) 24... Qf5 $2 ({Better is} 24... a3 $19 {And now ...axb2 would win.} 25. Qf3 Qxf3 26. Rxf3 axb2 27. Bxb2 Rfb8) 25. Qxf5 $11 exf5 26. d5 cxd5 27. Rxd5 f4 28. Rd7 Rac8 29. Rh1 Rfe8 $1 30. Rhd1 Be5 {White must now prevent ...Bxc3.} 31. Bb4 Bf6 32. R1d6 Kg7 33. c6 $1 Re2 (33... a3 $5 34. bxa3 c3 $17) 34. Bc3 $1 Bxc3 35. bxc3 {c7 is the strong threat.} Rxg2 $2 {[%mdl 12288] Endgame [#] KRR-KRR} (35... Rb8+ $1 $11 36. Rb7 Rxb7+ 37. cxb7 Re8) 36. Rg6+ $2 (36. c7 $1 $18) 36... Kf8 37. Rxh6 {Strongly threatening Rh8+.} f3 $2 {[%mdl 8192]} (37... Kg7 $11 38. Rg6+ Kf8) 38. Rf6 $2 ({White must play} 38. Rh8+ $18 Kg7 39. Rxc8) 38... Re8 $2 {[%mdl 8192]} (38... Ke8 $11 39. Rdxf7 Rxc6 40. Rf8+ Ke7 41. R8f7+ Ke8 42. Rf8+ Ke7 43. R8f7+ Ke8) 39. Rfxf7+ $2 (39. Rdxf7+ $18 Kg8 {[#]} 40. Rf8+ $3 {[%mdl 576] Promotion} Rxf8 41. Rxf8+ Kxf8 42. c7) 39... Kg8 40. Rg7+ Kh8 {( -> ...Re1+)} 41. Rh7+ {Accuracy: White = 68%, Black = 65%.} 1/2-1/2

[Event "POL-chT 1st League 2020"]
[Site "Ustron"]
[Date "2020.09.12"]
[Round "8.14"]
[White "Ciesla, Adam"]
[Black "Chylewski, Patryk"]
[Result "1/2-1/2"]
[WhiteElo "2294"]
[BlackElo "2324"]
[Annotator "TA"]
[PlyCount "81"]
[EventDate "2020.09.05"]
[EventType "team-tourn"]
[EventCountry "POL"]
[SourceTitle "playchess.com"]
[Source "ChessBase"]
[SourceQuality "1"]
[WhiteTeam "SEMPAI UKS HETMAN Cz."]
[BlackTeam "KS LAURA Chylice"]

{[%evp 10,81,17,11,15,25,11,10,35,36,29,18,63,55,56,-23,0,0,43,54,72,69,77,77,59,52,57,49,84,37,62,69,75,75,75,0,22,32,39,61,169,167,164,143,378,350,763,347,367,363,354,256,295,299,266,254,220,175,163,0,0,0,0,0,0,0,0,0,0,0,0,0,0,0]} 1. e4 c5 2. Nf3 d6 3. d4 cxd4 4. Nxd4 Nf6 5. Nc3 a6 6. Nb3 g6 {B90: Sicilian Najdorf: Unusual White 6th moves, 6 Be3 Ng4 and 6 Be3 e5.} 7. Be2 Bg7 8. g4 h6 9. Be3 Nc6 {[%cal Bb8c6,Bc6e5,Be5g6][%mdl 32] [#]} 10. Nd5 $146 ({Predecessor:} 10. f3 b5 11. Qd2 Be6 12. O-O-O Rc8 13. Kb1 Ne5 14. h4 Bc4 15. Bd4 Qc7 16. f4 Bxe2 17. Qxe2 Nexg4 {1-0 (40) Bartel,M (2625)-Artemiev,V (2674) Moscow 2016}) 10... Nxd5 (10... Nxe4 $2 11. Bb6 $18) 11. exd5 Ne5 12. a4 (12. f4 $14 Nd7 13. Bd4) 12... g5 13. h4 Ng6 14. Bd4 Bxd4 15. Qxd4 {Black must now prevent hxg5.} Rg8 16. hxg5 hxg5 17. O-O-O Bd7 18. Kb1 b5 19. Nd2 Qa5 20. Ne4 bxa4 21. Nxg5 Rb8 22. c3 (22. Bd3 $16 {Bxg6 is the strong threat.} Ne5 23. f4) 22... a3 23. b4 Qa4 {( -> ...Qb3+)} 24. Ka1 $1 $36 {[%mdl 2048] White has good play.} Bb5 ({Better is} 24... a5 $1 $14) 25. Rd2 $18 Bxe2 26. Rxe2 Rb7 $2 (26... Qb5 $16 {was necessary.} 27. Qe4 Ne5) 27. Qf6 $1 {[%cal Rf6f7]} Rf8 $2 {[#]} (27... Kd8 28. Qxf7 Qe8) 28. Qxd6 (28. Nxf7 $142 $1 {[%mdl 512]} Qb3 (28... Rxf7 29. Qxg6) 29. Nxd6+ {[%mdl 64] Double Attack} (29. Qxg6 $2 Qxc3+ 30. Ka2 Qc4+ {[%mdl 64] Double Attack} 31. Ka1 Qxe2 $19) 29... Kd7 30. Qxg6 Qxc3+ 31. Ka2 Rxb4 32. Rxe7+ $1 {[%mdl 512]} Kxe7 33. Nf5+ {[%mdl 64] Discovered Attack} Kd8 34. Qd6+ {[%mdl 64] Double Attack} Kc8 35. Qxf8+ Kc7 36. Qd6+ Kc8 37. Ne7+ Kb7 38. Qc6+ Qxc6 39. dxc6+ Kc7 40. Nd5+ {[%mdl 64] Double Attack} Kxc6 41. Nxb4+ Kc5 42. Nxa6+ Kd6 43. Re1) 28... Qb5 29. Rhe1 Rd7 {[%cal Bb7d7,Bd7d6,Bd6d3][%mdl 32]} 30. Qg3 (30. Qc6 Qxc6 31. dxc6 Rc7 $16) 30... Qxd5 31. Nh7 {Threatening mate with Nf6+!} Rd6 32. Nxf8 Kxf8 33. f4 {Strongly threatening f5.} Qc4 {[#]} 34. f5 $2 (34. Qe3 $1 $18 {And now f5 would win.} Rd3 35. Qc5) 34... Rd3 $1 $11 {The position is equal.} 35. Qb8+ Kg7 36. Rc2 ({Of course not} 36. fxg6 Qxc3+ 37. Ka2 (37. Kb1 a2+ {[%mdl 64] Decoy} 38. Kxa2 Qa3+ 39. Kb1 Rb3+ {[%mdl 64] Double Attack} 40. Kc2 Rb2+ 41. Kd1 Qa1#) 37... Qb3+ 38. Ka1 Rd1+ 39. Rxd1 Qxd1+ 40. Ka2 Qxe2+ 41. Kxa3 Qd3+ 42. Ka4 Qd5 $17) 36... Rxc3 37. fxg6 {Qe5+ would kill now.} Rxc2 {[%csl Gc2][%cal Rc4a2]} 38. Qe5+ {[%mdl 64] [#] Double Attack} Kg8 $1 {[%csl Gc2][%cal Rc4a2]} 39. Qb8+ {[#]} Kg7 $1 {[%csl Gc2][%cal Rc4a2]} 40. Qe5+ {[%mdl 64] [#] Double Attack} Kg8 $1 {[%csl Gc2][%cal Rc4a2]} 41. Qb8+ {White really could win this. Accuracy: White = 74%, Black = 69%.} 1/2-1/2

[Event "POL-chT 1st League 2020"]
[Site "Ustron"]
[Date "2020.09.12"]
[Round "8.15"]
[White "Sanz Wawer, Daniel"]
[Black "Tomaszewski, Roman"]
[Result "1/2-1/2"]
[WhiteElo "2325"]
[BlackElo "2206"]
[Annotator "TA"]
[PlyCount "149"]
[EventDate "2020.09.05"]
[EventType "team-tourn"]
[EventCountry "POL"]
[SourceTitle "playchess.com"]
[Source "ChessBase"]
[SourceQuality "1"]
[WhiteTeam "KS LAURA Chylice"]
[BlackTeam "SEMPAI UKS HETMAN Cz."]

{[%evp 20,149,42,15,0,12,0,-9,10,-1,22,17,29,35,37,0,42,30,47,21,43,0,49,35,52,0,72,63,131,139,137,141,142,89,85,93,117,123,109,97,115,79,58,39,35,23,193,161,217,82,85,71,151,150,136,135,131,128,134,134,122,122,107,129,126,125,152,164,172,172,212,109,111,108,94,47,53,59,63,26,136,88,91,84,88,71,99,88,98,98,100,100,175,175,167,81,81,75,88,81,81,81,81,88,132,81,169,81,121,8,8,8,8,8,8,8,8,8,8,8,8,8,8,8,8,8,8,8,8,8,8,8]} 1. e4 c6 2. d4 d5 3. Nc3 dxe4 4. Nxe4 Nf6 5. Nxf6+ exf6 6. c3 Bd6 7. Bd3 O-O 8. Qc2 Re8+ 9. Ne2 Kh8 10. Be3 Nd7 11. O-O-O Nf8 {B15: Caro-Kann: 3 Nc3: 3...g6 and 3...dxe4 4 Nxe4 Nf6 5 Nxf6+ exf6.} 12. Kb1 Be6 13. c4 Rc8 14. Nc3 {[#]} Bb4 $146 ({Predecessor:} 14... Qa5 15. Bd2 Qc7 16. g3 a6 17. c5 Be7 18. b4 Qd7 19. Be3 f5 20. h4 Bf6 {1-0 (40) Soudre,N (2086)-Fillion,S (2091) Longueuil 2019}) 15. Ne4 Be7 16. h4 b5 17. Nc5 Bxc5 18. dxc5 Qa5 19. h5 $36 {[%mdl 2048] White has good play.} h6 20. a3 bxc4 21. Bxc4 Rb8 22. Bxe6 (22. Ka2 $1 $14) 22... Rxe6 (22... Nxe6 $11 {keeps the balance.} 23. Ka2 Qb5) 23. Rh4 $16 {aiming for Ra4.} Rd8 (23... Rc8 $14) 24. Ra4 Rxd1+ 25. Qxd1 Qc7 26. Rd4 ({White should play} 26. Ka2) 26... Re8 27. Rd6 Kg8 28. Ka2 Rc8 29. Qg4 Kh8 30. Bf4 Ne6 31. Bg3 ({Don't blunder} 31. Rxe6 $2 Qd7 $19) 31... Qb7 32. Qb4 Qxb4 $2 (32... Qa6 $11 {and Black stays safe.}) 33. axb4 $11 {[%mdl 4096] Endgame KRB-KRN} f5 (33... Kg8 {was worth a try.} 34. Kb3 a6) 34. Rd7 (34. Be5 $18) 34... f4 $16 35. Bh2 Ra8 (35... Kg8 $142) 36. Rxf7 {And now Re7 would win.} a5 37. b5 cxb5 38. Bxf4 Nxc5 39. Be5 Rg8 40. Ra7 Nd3 {[#]} 41. Bc3 $1 b4 42. Bd4 a4 43. Rxa4 Rd8 44. Be3 Kg8 45. Ra7 (45. Kb3 $18) 45... Rd5 46. Kb3 Rxh5 47. Rd7 Nc5+ $1 48. Bxc5 $1 Rxc5 $14 {KR-KR} 49. Rd4 Re5 (49... h5 $1 $11) 50. Rxb4 Kf7 51. Rf4+ Ke6 52. Kc4 Kd6 53. Rf7 Rg5 54. g3 Kc6 55. Kd4 h5 (55... Kd6 $16 {might work better.}) 56. Ke4 $18 Kd6 57. Rf5 (57. Kf4 $18 Rb5 58. Rf5 (58. Rxg7 Rxb2 59. Kf3 Rb5 $16) 58... Rxb2 59. Kg5) 57... Rg4+ $16 58. Kf3 g6 59. Rf4 Rg5 60. Kg2 Ke6 61. Rb4 Rf5 62. Re4+ (62. Rb6+ $142 Kf7 63. f4) 62... Kd5 {[#]} (62... Kd7 $16) 63. Re8 (63. Rf4 $1 $18 {[%cal Rf4f5] is more deadly. Black must now prevent Rxf5+.} Re5 64. Rb4) 63... Rf6 64. Re1 (64. Rb8 $16) 64... Rb6 $11 {The position is equal.} 65. Re2 g5 $1 66. Re8 Rxb2 67. Rg8 g4 68. Rg5+ Ke6 69. Rxh5 Kf6 70. Rd5 Ra2 71. Kf1 Rb2 72. Rd4 Kf5 73. Rf4+ Kg5 74. Re4 Kf5 75. Re2 {Black escapes into a draw. Accuracy: White = 69%, Black = 67%.} 1/2-1/2

[Event "POL-chT 1st League 2020"]
[Site "Ustron"]
[Date "2020.09.12"]
[Round "8.16"]
[White "Flis, Jacek"]
[Black "Kokoszczynski, Jan"]
[Result "1/2-1/2"]
[WhiteElo "2214"]
[BlackElo "2231"]
[Annotator "NA"]
[PlyCount "76"]
[EventDate "2020.09.05"]
[EventType "team-tourn"]
[EventCountry "POL"]
[SourceTitle "playchess.com"]
[Source "ChessBase"]
[SourceQuality "1"]
[WhiteTeam "SEMPAI UKS HETMAN Cz."]
[BlackTeam "KS LAURA Chylice"]
[TimeControl "40/5400+30:1800+30"]

1. g3 {[%emt 0:00:00]} d5 {[%emt 0:00:00]} 2. Bg2 {[%emt 0:00:00]} c6 {[%emt 0:00:31]} 3. Nf3 {[%emt 0:00:41]} Nf6 {[%emt 0:01:15]} 4. O-O Bg4 {[%emt 0:00:28]} 5. d3 {[%emt 0:01:38]} Nbd7 {[%emt 0:00:08]} 6. Nbd2 {[%emt 0:01:56]} e5 {[%emt 0:02:26]} 7. e4 {[%emt 0:02:59]} dxe4 {[%emt 0:06:05]} 8. dxe4 {[%emt 0:03:03]} Bc5 {[%emt 0:00:34]} 9. Qe2 {[%emt 0:02:59]} O-O {[%emt 0:00:33] A07: Réti Opening: New York and Capablanca Systems.} 10. h3 {[%emt 0:04:28]} Bh5 {[%emt 0:00:46]} 11. Kh2 {[%emt 0:06:15]} Re8 {[%emt 0:01:17] [#]} 12. Nb3 $146 {[%emt 0:09:19]} ({Predecessor:} 12. c3 a5 13. b3 b5 14. a3 Qb6 15. g4 Bg6 16. Nh4 Nf8 17. Nf5 Ne6 18. Nf3 {½-½ (41) Koskinen,V (1967)-Jantti,P (2119) Jyvaskyla 2008}) 12... Bf8 {[%emt 0:03:51]} 13. Rd1 {[%emt 0:05:07]} Qc7 {[%emt 0:00:35]} 14. g4 {[%emt 0:00:43]} Bg6 {[%emt 0:00:40]} 15. Nh4 {[%emt 0:01:03]} Nc5 {[%emt 0:07:56]} 16. Nxg6 {[%emt 0:22:38]} hxg6 {[%emt 0:01:08]} 17. Nxc5 {[%emt 0:10:57]} Bxc5 {[%emt 0:00:13]} 18. Be3 {[%emt 0:00:47]} Qb6 {[%emt 0:02:50]} 19. Bxc5 {[%emt 0:01:17]} Qxc5 {[%emt 0:00:04]} 20. Rd3 {[%emt 0:02:56]} Rad8 {[%emt 0:00:08]} 21. Rad1 {[%emt 0:00:37]} Rxd3 {[%emt 0:01:39]} 22. Rxd3 {[%emt 0:00:18]} Qb6 {[%emt 0:00:10]} 23. c3 {[%emt 0:04:20]} Rd8 {[%emt 0:01:46]} 24. Rd2 {[%emt 0:01:05]} Nh7 {[%emt 0:03:34]} 25. Qd1 {[%emt 0:07:49]} Rxd2 {[%emt 0:09:12]} 26. Qxd2 {[%emt 0:00:06]} Nf8 {[%emt 0:00:01]} 27. Bf1 {[%emt 0:01:36]} Qc5 {[%emt 0:00:29]} 28. b4 {[%emt 0:00:35]} Qe7 {[%emt 0:00:04]} 29. Bc4 {[%emt 0:02:23]} g5 {[%emt 0:00:06]} 30. Qe3 {[%emt 0:01:06]} b6 {[%emt 0:03:05]} 31. Qf3 $1 {[%emt 0:01:30]} g6 {[%emt 0:07:29]} 32. Kg2 {[%emt 0:01:01]} Nd7 {[%emt 0:00:43]} 33. Qe3 {[%emt 0:01:23]} Kg7 {[%emt 0:01:01]} 34. Bb3 {[%emt 0:00:48]} Qf6 {[%emt 0:04:23]} 35. Qd2 {[%emt 0:01:46]} Qe7 $11 {[%emt 0:04:04]} 36. Qe3 {[%emt 0:00:15]} a6 {[%emt 0:00:12]} 37. Qd3 {[%emt 0:00:24]} b5 {[%emt 0:03:49]} 38. c4 {[%emt 0:00:50]} Nf8 {[%emt 0:02:09]} 1/2-1/2